Fr. Conceicao Rodrigues College of Engineering

Electronic Communication Systems (Record no. 26968)

MARC details
000 -LEADER
fixed length control field 00357nam a2200169Ia 4500
082 ## - DEWEY DECIMAL CLASSIFICATION NUMBER
Classification number 621.382
Item number TOM
100 ## - MAIN ENTRY--PERSONAL NAME
Personal name Tomasi/Wayne
250 ## - EDITION STATEMENT
Edition statement 5
245 ## - TITLE STATEMENT
Title Electronic Communication Systems
260 ## - PUBLICATION, DISTRIBUTION, ETC.
Name of publisher, distributor, etc. Pearson Education
Date of publication, distribution, etc. 2009
366 ## - TRADE AVAILABILITY INFORMATION
Publishers's discount category 25
300 ## - PHYSICAL DESCRIPTION
Extent 1115
546 ## - LANGUAGE NOTE
Language note ENGLISH
-- TTL
650 ## - SUBJECT ADDED ENTRY--TOPICAL TERM
Topical term or geographic name entry element Communication
942 ## - ADDED ENTRY ELEMENTS (KOHA)
Koha item type BOOK
Holdings
Withdrawn status Lost status Damaged status Not for loan Collection Home library Current library Date acquired Source of acquisition Cost, normal purchase price Inventory number Total Checkouts Full call number Barcode Date last seen Cost, replacement price Price effective from Koha item type Date last checked out
        CRC Fr. Agnel's C.Rodrigues College of Engineering Fr. Agnel's C.Rodrigues College of Engineering 17/03/2023 Allied Publishers 438.75 356 dt 30/04/2010   621.382 TOM 20660 17/03/2023 585.00   BOOK  
        CRC Fr. Agnel's C.Rodrigues College of Engineering Fr. Agnel's C.Rodrigues College of Engineering 17/03/2023 Allied Publishers 438.75 356 dt 30/04/2010   621.382 TOM 20661 17/03/2023 585.00   BOOK  
        CRC Fr. Agnel's C.Rodrigues College of Engineering Fr. Agnel's C.Rodrigues College of Engineering 17/03/2023 Allied Publishers 438.75 356 dt 30/04/2010 1 621.382 TOM 20662 01/08/2024 585.00   BOOK 31/07/2024
        CRC Fr. Agnel's C.Rodrigues College of Engineering Fr. Agnel's C.Rodrigues College of Engineering 17/03/2023 Allied Publishers 438.75 356 dt 30/04/2010 1 621.382 TOM 20663 06/08/2024 585.00   BOOK 30/07/2024
        CRC Fr. Agnel's C.Rodrigues College of Engineering Fr. Agnel's C.Rodrigues College of Engineering 17/03/2023 Allied Publishers 438.75 356 dt 30/04/2010   621.382 TOM 20664 17/03/2023 585.00   BOOK